00769nam a2200229 a 450000100060000000300090000600500170001500600150003200800410004702000150008803500150010304000280011804100130014604300160015910000200017524501310019526000550032630000260038149000640040765000330047170000350050426355CO-ViMGA20230915223420.0C00112535c - 6141112s2004 ck r 000 u spa d a9681654358 aAGR5983 LA aCO-ViMGAbspacCO-ViMGA aspa eng ae - uk - en1 aFrench, Vivian.10aCapitana Jennifer Aguamala Jones / cVivian French ; ilustraciones de Damián Ortega ; traducción de María Teresa Solana. aMéxico : bFondo de Cultura Económica, c1997. a47 p. : il. ; 19 cm.0 aA la orilla del viento. para los que empiezan a leer ; 8814aCuentos infantiles ingleses.1 aOrtega, Damián, 1974 - , il.